AS Roma Squad 2016/17 - Statistics

General Stats
  • This quiz has been taken 194 times
  • The average score is 16 of 23
Answer Stats
Position From Player % Correct
FW Egypt Mohamed Salah
96%
FW Bosnia Edin Džeko
95%
DF Greece Kostas Manolas
92%
MF Belgium Radja Nainggolan
90%
MF Netherlands Kevin Strootman
89%
MF Italy Daniele De Rossi
88%
GK Brazil Alisson
82%
DF Germany Antonio Rüdiger
82%
FW Italy Francesco Totti
81%
MF Argentina Diego Perotti
77%
FW Italy Stephan El Shaarawy
72%
DF Italy Alessandro Florenzi
71%
GK Poland Wojciech Szczęsny
71%
DF Argentina Federico Fazio
68%
DF Belgium Thomas Vermaelen
66%
DF Brazil Juan Jesus
65%
MF Argentina Leandro Paredes
59%
DF Brazil Bruno Peres
56%
GK Romania Bogdan Lobonț
55%
FW Argentina Juan Manuel Iturbe
49%
DF Portugal Mário Rui
44%
DF Brazil Emerson Palmieri
42%
MF Brazil Gerson
38%
No matching quizzes found
Score Distribution
Percent of People with Each Score
Percentile by Number Answered
Your Score History
You have not taken this quiz